Catalog

Record Details

Catalog Search



Krutý Bůh?  Cover Image Book Book

Krutý Bůh? / Dan Drápal

Drápal, Dan (Author).

Record details

  • Physical Description: 61 s.
  • Edition: 1. vyd.
  • Publisher: Praha Sborový dopis 1992

Available copies

  • 1 of 1 copy available at Common Catalog SPOK.

Holds

  • 0 current holds with 1 total copy.
Show Only Available Copies
Location Call Number / Copy Notes Barcode Shelving Location Status Due Date
ETS Library 231.8 424470004728 Volný výběr Available -

LDR 00552nam a2 00229
00142905
003CZ-PrJAB
00520030808000000.0
008030808s1992 xr e |||| |cze
009cz
035 . ‡a(CONS)5106
035 . ‡aKPS3543
041 . ‡acze
08214. ‡a231.8
100 . ‡72408 ‡aDrápal, Dan
245 . ‡aKrutý Bůh? / ‡cDan Drápal
250 . ‡a1. vyd.
260 . ‡aPraha ‡bSborový dopis ‡c1992
300 . ‡a61 s.
653 . ‡aKrutý Bůh
8524 . ‡bETS ‡bETS ‡cVolný výběr ‡j231.8 ‡gA ‡p424470004728
910 . ‡aABG450
999 . ‡a5106 ‡bAUTOGEN ‡c5106 ‡tbiblio
905 . ‡uadmin
901 . ‡a42905 ‡b ‡c42905 ‡tbiblio ‡sets

Additional Resources